000 00268nam a2200109Ia 4500
001 1262228
005 20260417140407.0
008 260417s9999 xx 000 0 und d
020 _a9789752893962
245 0 _a72. Koğuş
_cOrhan Kemal
260 _bEverest Yayınları
999 _c1262228
_d1262228